000 00540nam a22002177a 4500
003 UA-OsUOA
001 22751
007 ta
008 20031224b un ||||| |||| 00| 0 ukr d
090 _a22.04
_bН76
942 _cBK
040 _aUA-OsUOA
_brus
_cUA-OsUOA
_dUA-OsUOA
245 _aНовый Завет Господа нашего Иисуса Христа и Псалтырь
955 _a0
041 _arus
080 _a22.04
260 _bUnited Bible Societies
_c1993
044 _aRU
650 7 _2UDC
999 _c308979
_d308979